APC supervisors' and counsellors' guide 2015 (Record no. 115316)
[ view plain ]
| 000 -LEADER | |
|---|---|
| fixed length control field | 01360cam a22003015a 4500 |
| 001 - CONTROL NUMBER | |
| control field | L158452 |
| 008 - FIXED-LENGTH DATA ELEMENTS--GENERAL INFORMATION | |
| fixed length control field | 090617s2015 xxk f 000 0 eng d |
| 020 ## - INTERNATIONAL STANDARD BOOK NUMBER | |
| International Standard Book Number | 9781783210978 |
| 035 ## - SYSTEM CONTROL NUMBER | |
| System control number | (Sirsi) u158452 |
| 041 0# - LANGUAGE CODE | |
| Language code of text/sound track or separate title | eng |
| 050 04 - LIBRARY OF CONGRESS CALL NUMBER | |
| Classification number | 333.3307 $2 18 |
| 100 1# - MAIN ENTRY--PERSONAL NAME | |
| Personal name | Hirst, Christina |
| 245 00 - TITLE STATEMENT | |
| Title | APC supervisors' and counsellors' guide 2015 |
| Medium | [electronic resources] |
| 260 ## - PUBLICATION, DISTRIBUTION, ETC. | |
| Place of publication, distribution, etc. | London |
| Name of publisher, distributor, etc. | RICS |
| Date of publication, distribution, etc. | 2015 |
| 300 ## - PHYSICAL DESCRIPTION | |
| Extent | x, 59p. |
| 350 ## - PRICE (NR) (BK AM CF MU VM SE) [OBSOLETE] | |
| Price | 40.00 |
| 505 2# - FORMATTED CONTENTS NOTE | |
| Formatted contents note | Introduction to the APC -- Getting the right candidates -- In detail, supervisor and counsellor duties -- Documentation for the APC -- The competancies -- Referred candidates and appeals -- Help and advice from RICS |
| 520 ## - SUMMARY, ETC. | |
| Summary, etc. | Helps those working with APC candidates to monitor the candidate's progress and to understand their own responsibilities. Updated to reflect recent changes to the system, the book includes real-life case studies and includes timelines, checklists, model forms, and guidance on meeting the assessment requirements. |
| 520 ## - SUMMARY, ETC. | |
| Summary, etc. | Supersedes the third edition (ISBN 9781842194911). |
| 521 ## - TARGET AUDIENCE NOTE | |
| Target audience note | Introductory |
| 590 ## - LOCAL NOTE (RLIN) | |
| Local note | KA |
| 650 24 - SUBJECT ADDED ENTRY--TOPICAL TERM | |
| Topical term or geographic name entry element | APC |
| 9 (RLIN) | 6216 |
| 651 #4 - SUBJECT ADDED ENTRY--GEOGRAPHIC NAME | |
| Geographic name | United Kingdom |
| Chronological subdivision | |
| 690 ## - LOCAL SUBJECT ADDED ENTRY--TOPICAL TERM (OCLC, RLIN) | |
| Topical term or geographic name as entry element | APC |
| 9 (RLIN) | 6216 |
| 856 40 - ELECTRONIC LOCATION AND ACCESS | |
| Uniform Resource Identifier | <a href="https://www.isurv.com/site/scripts/documents.aspx?categoryID=377">https://www.isurv.com/site/scripts/documents.aspx?categoryID=377</a> |
| Public note | Access this e-book from www.isurv.com |
| 942 ## - ADDED ENTRY ELEMENTS (KOHA) | |
| Suppress in OPAC | 0 |
| Withdrawn status | Lost status | Source of classification or shelving scheme | Damaged status | Not for loan | Home library | Current library | Shelving location | Date acquired | Total Checkouts | Full call number | Barcode | Date last seen | Copy number | Price effective from | Koha item type |
|---|---|---|---|---|---|---|---|---|---|---|---|---|---|---|---|
| Dewey Decimal Classification | Virtual | Virtual | Online | 04/03/2015 | ONLINE PUBLICATION | 158452-2001 | 06/08/2019 | 1 | 06/08/2019 | Book |